Rabbi Mosche Ben Nachman - Ramban: eine jüdische Propagandaschrift, Barcelona 1263

Saved in:  
Bibliographic Details
Main Author: Loopik, Marcus van (Author)
Format: Print Article
Language:German
Check availability: HBZ Gateway
Interlibrary Loan:Interlibrary Loan for the Fachinformationsdienste (Specialized Information Services in Germany)
Published: 2000
In: Jaarboek
Year: 1999, Volume: 19, Pages: 54-82
Standardized Subjects / Keyword chains:B Nachmanides, Moses 1194-1270 / Barcelona / Colloquy / Geschichte 1263 / Judaism / Christianity / Interfaith dialogue
RelBib Classification:BH Judaism
CC Christianity and Non-Christian religion; Inter-religious relations
KAE Church history 900-1300; high Middle Ages
KBH Iberian Peninsula

MARC

LEADER 00000caa a22000002c 4500
001 1643135112
003 DE-627
005 20220616114616.0
007 tu
008 160405s2000 xx ||||| 00| ||ger c
035 |a (DE-627)1643135112 
035 |a (DE-576)465631460 
035 |a (DE-599)BSZ465631460 
040 |a DE-627  |b ger  |c DE-627  |e rakwb 
041 |a ger 
084 |a 1  |2 ssgn 
100 1 |a Loopik, Marcus van  |4 aut 
245 1 0 |a Rabbi Mosche Ben Nachman - Ramban  |b eine jüdische Propagandaschrift, Barcelona 1263 
264 1 |c 2000 
336 |a Text  |b txt  |2 rdacontent 
337 |a ohne Hilfsmittel zu benutzen  |b n  |2 rdamedia 
338 |a Band  |b nc  |2 rdacarrier 
652 |a BH:CC:KAE:KBH 
689 0 0 |d p  |0 (DE-588)118586157  |0 (DE-627)283999691  |0 (DE-576)162341776  |2 gnd  |a Nachmanides, Moses  |d 1194-1270 
689 0 1 |d g  |0 (DE-588)4004503-1  |0 (DE-627)106385631  |0 (DE-576)20885617X  |2 gnd  |a Barcelona 
689 0 2 |d s  |0 (DE-588)4177741-4  |0 (DE-627)104247576  |0 (DE-576)209979828  |2 gnd  |a Religionsgespräch 
689 0 3 |q z  |2 gnd  |a Geschichte 1263 
689 0 4 |d s  |0 (DE-588)4114087-4  |0 (DE-627)104603151  |0 (DE-576)20948182X  |2 gnd  |a Judentum 
689 0 5 |d s  |0 (DE-588)4010074-1  |0 (DE-627)104493933  |0 (DE-576)20888579X  |2 gnd  |a Christentum 
689 0 6 |d s  |0 (DE-588)4192352-2  |0 (DE-627)105235164  |0 (DE-576)210079924  |2 gnd  |a Interreligiöser Dialog 
689 0 |5 (DE-627) 
773 0 8 |i In  |a Thomas Instituut te Utrecht  |t Jaarboek  |d Utrecht : Inst., 1990  |g 19(1999), Seite 54-82  |w (DE-627)225408449  |w (DE-600)1362883-5  |w (DE-576)05783296X  |x 0926-163X  |7 nnas 
773 1 8 |g volume:19  |g year:1999  |g pages:54-82 
935 |a mteo 
951 |a AR 
ELC |b 1 
ITA |a 1  |t 1 
LOK |0 000 xxxxxcx a22 zn 4500 
LOK |0 001 3307969080 
LOK |0 003 DE-627 
LOK |0 004 1643135112 
LOK |0 005 20160405132358 
LOK |0 008 160404||||||||||||||||ger||||||| 
LOK |0 040   |a DE-Tue135  |c DE-627  |d DE-Tue135 
LOK |0 092   |o n 
LOK |0 852   |a DE-Tue135 
LOK |0 852 1  |9 00 
LOK |0 935   |a ixzs  |a ixmi 
LOK |0 936ln  |0 1442044993  |a KBH 
LOK |0 936ln  |0 1442044462  |a KAE 
LOK |0 936ln  |0 1442043806  |a CC 
LOK |0 936ln  |0 1442043520  |a BH 
LOK |0 939   |a 04-04-16  |b l01 
ORI |a SA-MARC-ixtheoa001.raw 
REL |a 1 
STA 0 0 |a Christianity,Christian world view,World view,Christian ideology,Colloquy,Religious colloquy,Religious conference,Interfaith dialogue,Interreligious relations,Interreligious dialog,Interreligious encounter,Judaism,Judaism,Judaism in literature 
STB 0 0 |a Christianisme,Christianisme,Colloque religieux,Dialogue interreligieux,Dialogue interreligieux,Judaïsme,Judaïsme 
STC 0 0 |a Cristianismo,Cristianismo,Cristiandad,Cristiandad,Cristiandad (Motivo),Cristiandad,Diálogo interreligioso,Diálogo inter-religioso,Diálogo religioso,Judaísmo,Judaísmo 
STD 0 0 |a Colloquio religioso,Cristianesimo,Cristianesimo,Dialogo interreligioso,Dialogo interreligioso,Ebraismo,Ebraismo 
STE 0 0 |a 基督教,基督教,基督教世界观,宗教谈话,宗教交谈,宗教间关系,犹太教,犹太教 
STF 0 0 |a 基督教,基督教,基督教世界觀,宗教談話,宗教交談,宗教間關係,猶太教,猶太教 
STG 0 0 |a Cristianismo,Cristianismo,Cristandade,Cristandade,Cristandade (Motivo),Cristandade,Diálogo inter-religioso,Diálogo inter-religioso,Diálogo religioso,Judaísmo,Judaísmo 
STH 0 0 |a Иудаизм (мотив),Иудаизм,Межрелигиозный диалог,Религиозный диалог,Христианство (мотив),Христианство 
STI 0 0 |a Διαθρησκειακός διάλογος,Θρησκευτικός διάλογος,Ιουδαϊσμός (μοτίβο),Ιουδαϊσμός,Χριστιανισμός (μοτίβο),Χριστιανισμός 
SUB |a REL 
SYG 0 0 |a Mōšä Bar-Naḥmān,1194-1270,Ben-Naḥman, Mosheh,1194-1270,Ben Naḥman, Mosheh,1194-1270,Ben-Naḥamān, Mōše,1194-1270,Nachmanides,1194-1270,Ra m Ba,1194-1270,Moše Ben-Naḥmān,1194-1270,Moše Ben-Naḥamān,1194-1270,Nahmanides,1194-1270,RaMBaN,1194-1270,Mosheh ben Naḥman,1194-1270,Moshe,the son of Nachman, the Gerondite,1194-1270,Nakhmanid,1194-1270,Nahmanide,1194-1270,Moisès ben Nahman,1194-1270,Mossé ben Nahman,1194-1270,Gerondi, Naḥman ben Mosheh,1194-1270,Moše Ben-Naḥman,1194-1270,Moše,aus Gerona,1194-1270,Mossé Ben-Nahman,1194-1270,Moise Ben-Naḥman,1194-1270,Moshe Ben-Nachman,1194-1270,Moses Ben-Nahman,1194-1270,Moses B. Nachman,1194-1270,Bonastruc,de Porta,1194-1270,Mose Ben-Nachman,1194-1270,Moses,Ben Nachman,1194-1270,Moses,Nachmanides,1194-1270,Moses,bar Nachmani,1194-1270,ha-Ramban,1194-1270,Ramban,1194-1270,Mōše Bar-Naḥmān,1194-1270,Moses Nachmanides,aus Gerona,1194-1270,Mossé,de Girona,1194-1270,Naḥmanide,1194-1270,Moše Bar-Nahmān,1194-1270,Naḥmanides,1194-1270,Nakhmanides,1194-1270,Moisès,ben Nahman,1194-1270,Mošeh,ben Naḥaman,1194-1270,Moshe,ben Nachman,1194-1270,Mosheh,ben Naḥman,1194-1270,Mōšä Bar-Nahmān,1194-1270,Mose,ben Nahman,1194-1270,Moses,ben Nachman,1194-1270,Mosche, R.,1194-1270,Nachmanides, Moshe,1194-1270,Ben-Nachman, Mose,1194-1270,Ben-Naḥmān, Moše,1194-1270,Naḥaman, Mošeh ben,1194-1270,Naḥman, Moše ben,1194-1270,Nachman, Moshe ben,1194-1270,Nahman, Moisès ben,1194-1270,Porta, Bonastruc de,1194-1270,Gerona, Mossé de,1194-1270 , Barcino,Colonia Iulia Augusta Faventia Paterna Barcino,Barcinona,Barcelonès,Barcellona,Barcelone , Judaism,Judaismus,Jüdische Religion,Zionism,Zionismus,Jüdische Religion,Judaismus,Jüdische Religion,Judaismus , Christianity,Christliche Mission,Missionierung,Christenheit,Christianitas,Christliche Religion,Christliche Weltanschauung , Interreligiöse Beziehung,Interreligiöse Begegnung,Interreligiöser Kontakt,Religionskontakt 
TIM |a 100012630101_100012631231  |b Geschichte 1263